[Event "49th Bosna it"]
[Site "Sarajevo BIH"]
[Date "2019.04.30"]
[Round "5.24"]
[White "Pistalovic, Slobodan"]
[Black "Marn, Jan"]
[Result "0-1"]
[WhiteElo "1865"]
[BlackElo "2150"]
[EventDate "2019.04.27"]
[PlyCount "96"]

1.e4 e5 2.Bc4 Nf6 3.d3 Nc6 4.Nf3 Bc5 5.Nc3 a6 6.a3 d6 7.h3 h6 8.O-O O-O 9.
Be3 Ba7 10.Bxa7 Rxa7 11.d4 exd4 12.Nxd4 Ne5 13.Bb3 c5 14.Nf3 b5 15.Bd5 Re7
16.Nxe5 Rxe5 17.f4 Re7 18.b4 Qb6 19.Kh2 Rfe8 20.Qd3 c4 21.Qf3 Be6 22.Bxe6 
Rxe6 23.Rfe1 d5 24.e5 d4 25.exf6 Rxe1 26.Rxe1 Rxe1 27.Nd5 Qd6 28.Qg3 g5 
29.Qxe1 Qxd5 30.Qe8+ Kh7 31.Qf8 Kg6 32.g4 Kxf6 33.Qxh6+ Ke7 34.fxg5 Qd6+ 
35.Kg2 c3 36.Qh7 d3 37.cxd3 c2 38.Qe4+ Kf8 39.Qa8+ Kg7 40.Qc8 Qxd3 41.Qc5 
Qe2+ 42.Kg3 Qe1+ 43.Kg2 c1=Q 44.Qd4+ Kf8 45.Qh8+ Ke7 46.Qf6+ Ke8 47.Qh8+ 
Kd7 48.Qd4+ Kc8 0-1

[Event "49th Bosna it"]
[Site "Sarajevo BIH"]
[Date "2019.04.30"]
[Round "5.25"]
[White "Alihodzic, Muzafer"]
[Black "Zenelaj, Fisnik"]
[Result "1-0"]
[WhiteElo "2147"]
[BlackElo "1933"]
[EventDate "2019.04.27"]
[PlyCount "111"]

1.e4 c5 2.Nc3 g6 3.g3 Bg7 4.Bg2 Nc6 5.d3 e6 6.Nge2 Nge7 7.O-O O-O 8.Bg5 h6
9.Be3 d6 10.Qd2 Kh7 11.f4 b6 12.g4 f5 13.h3 Bb7 14.Rae1 Qd7 15.Ng3 Rae8 
16.Nce2 d5 17.Qc1 d4 18.Bd2 a5 19.Kh2 Qd8 20.Ng1 Qc7 21.Bf3 Nd8 22.h4 e5 
23.h5 fxg4 24.Bxg4 exf4 25.Bxf4 Be5 26.Bxe5 Qxe5 27.Nf3 Qc7 28.hxg6+ Nxg6 
29.Bf5 Bc8 30.Nh4 Bxf5 31.Nxf5 Nf7 32.Re2 Nge5 33.Rh1 Rg8 34.Kg2 Rg6 35.
Qf4 Ng5 36.Kf1 Ree6 37.Reh2 Ngf7 38.Ne2 Qc6 39.Ke1 Ref6 40.b3 Qe6 41.Rh5 
Ng4 42.Kd2 Nge5 43.a4 Rg4 44.Qf1 Ng6 45.Qh3 Nge5 46.Rf1 Ng5 47.Qh1 Nef7 
48.Nf4 Qc6 49.Nd5 Re6 50.Rh2 b5 51.axb5 Qxb5 52.Nxh6 Nxh6 53.Nf6+ Kg7 54.
Rxh6 Rg2+ 55.Qxg2 Kxh6 56.Rf5 1-0

[Event "49th Bosna it"]
[Site "Sarajevo BIH"]
[Date "2019.04.30"]
[Round "5.26"]
[White "Muhibic, Cazim"]
[Black "Jerkovic, Maroje"]
[Result "0-1"]
[WhiteElo "1859"]
[BlackElo "2145"]
[EventDate "2019.04.27"]
[PlyCount "114"]

1.d4 f5 2.Nf3 Nf6 3.g3 g6 4.Bg2 Bg7 5.O-O O-O 6.c3 h6 7.Nbd2 Nc6 8.d5 Nxd5
9.Nh4 Nf6 10.Nxg6 Re8 11.e4 d6 12.Qb3+ Kh7 13.Nh4 fxe4 14.Nxe4 e6 15.Qc2 
Kg8 16.h3 Rb8 17.Bd2 d5 18.Nc5 Qd6 19.Nb3 Ne7 20.Rfe1 e5 21.Ng6 Nc6 22.
Rad1 Be6 23.Be3 b6 24.Nh4 Ne7 25.Qc1 Kh7 26.Qc2+ Kg8 27.Qc1 Kh7 28.Qc2+ 
Kh8 29.Ng6+ Kg8 30.Nh4 Rbd8 31.Qc1 Kh7 32.Qc2+ Kh8 33.f4 e4 34.Nd4 Bd7 35.
Ne2 Qe6 36.Bd4 c5 37.Be5 Nc6 38.Bxf6 Qxf6 39.f5 Qf7 40.Ng6+ Kh7 41.g4 Ne5 
42.Nef4 Bc6 43.Kh1 Qc7 44.Qf2 Qb7 45.Nxe5 Rxe5 46.Ng6 Ree8 47.Qg3 d4 48.
cxd4 cxd4 49.h4 d3 50.g5 Bxb2 51.Qg4 e3 52.Bxc6 Qxc6+ 53.Kh2 Qc2+ 54.Kh3 
e2 55.Rb1 d2 56.Rxb2 dxe1=Q 57.Rxc2 Qh1+ 0-1

[Event "49th Bosna it"]
[Site "Sarajevo BIH"]
[Date "2019.04.30"]
[Round "5.27"]
[White "Bucan, Eldin"]
[Black "Dedic, Nedzad"]
[Result "1-0"]
[WhiteElo "2135"]
[BlackElo "1932"]
[EventDate "2019.04.27"]
[PlyCount "69"]

1.e4 e6 2.d4 d5 3.e5 c5 4.c3 Bd7 5.Nf3 Qb6 6.Bd3 Bb5 7.O-O Nc6 8.Bxb5 Qxb5
9.a4 Qb6 10.dxc5 Bxc5 11.b4 Be7 12.a5 Qc7 13.Re1 a6 14.Na3 Rd8 15.Be3 Qb8 
16.Qa4 Kf8 17.Bb6 Re8 18.b5 Na7 19.bxa6 bxa6 20.Rab1 Qa8 21.c4 dxc4 22.
Nxc4 g6 23.Nd6 Rb8 24.Qf4 Bxd6 25.exd6 Kg7 26.d7 Nc6 27.Bd4+ e5 28.Bxe5+ 
Nxe5 29.Qxe5+ Nf6 30.Rbd1 Rb5 31.Qc3 Rd8 32.Rd6 Rf5 33.Nd4 Rg5 34.Nc6 Kh6 
35.Qxf6 1-0

[Event "49th Bosna it"]
[Site "Sarajevo BIH"]
[Date "2019.04.30"]
[Round "5.28"]
[White "Colpa, Fahrudin"]
[Black "Peric, Bernard"]
[Result "0-1"]
[WhiteElo "1848"]
[BlackElo "2128"]
[EventDate "2019.04.27"]
[PlyCount "66"]

1.e4 c5 2.Nf3 d6 3.Bc4 Nf6 4.Nc3 e6 5.d4 cxd4 6.Nxd4 a6 7.Bg5 Be7 8.Qf3 
Nbd7 9.Bxe6 Ne5 10.Bxf7+ Nxf7 11.Bxf6 Bxf6 12.O-O-O O-O 13.Nd5 Ne5 14.Qb3 
Kh8 15.Nb6 Rb8 16.f4 Nc6 17.e5 Be7 18.g3 Na5 19.Qb4 dxe5 20.Qxa5 exd4 21.
Rhe1 Bg4 22.Rd2 Rf6 23.h3 Rxb6 24.hxg4 Bb4 25.Qa4 Bxd2+ 26.Kxd2 Rxb2 27.
Kc1 Rb5 28.g5 d3 29.Rd1 Rc8 30.c4 Qd4 31.Qa3 Qe3+ 32.Rd2 Rxc4+ 33.Kd1 Qg1#
0-1

[Event "49th Bosna it"]
[Site "Sarajevo BIH"]
[Date "2019.04.30"]
[Round "5.29"]
[White "Strinic, Halid"]
[Black "Vujicic, Dragisa"]
[Result "1-0"]
[WhiteElo "2124"]
[BlackElo "1922"]
[EventDate "2019.04.27"]
[PlyCount "65"]

1.e4 e5 2.Nf3 Nc6 3.Bb5 a6 4.Ba4 Nf6 5.d3 d6 6.h3 g6 7.O-O Bg7 8.c3 O-O 9.
Re1 Nd7 10.d4 b5 11.Bc2 Nb6 12.dxe5 Nxe5 13.Nbd2 Bb7 14.Nxe5 Bxe5 15.Nf1 
c5 16.Rb1 Qc7 17.Bh6 Rfe8 18.Ne3 Bc8 19.Ng4 Bxg4 20.Qxg4 Qc8 21.Qf3 Qe6 
22.Bb3 c4 23.Bc2 a5 24.Bd2 a4 25.a3 Nd7 26.Rbd1 Rac8 27.Be3 Nf8 28.Rd5 Rb8
29.Red1 f6 30.h4 h5 31.g3 Qg4 32.Qg2 f5 33.Rxe5 1-0

[Event "49th Bosna it"]
[Site "Sarajevo BIH"]
[Date "2019.04.30"]
[Round "5.30"]
[White "Lubura, Zoran"]
[Black "Maksimovic, Masa"]
[Result "0-1"]
[WhiteElo "1798"]
[BlackElo "2107"]
[EventDate "2019.04.27"]
[PlyCount "90"]

1.d4 g6 2.Bf4 Bg7 3.e3 d6 4.Nc3 Nd7 5.Nf3 a6 6.h4 Ngf6 7.a4 b6 8.Bc4 h6 9.
Bb3 O-O 10.Qd2 Bb7 11.O-O Bxf3 12.gxf3 Nh5 13.Bg3 e6 14.Kg2 Qe7 15.Ne2 Bf6
16.Rh1 Kh7 17.c3 Bg7 18.Bc2 f5 19.Rag1 e5 20.Kf1 b5 21.a5 c5 22.b4 cxb4 
23.cxb4 Rac8 24.Kg2 Ndf6 25.Rc1 e4 26.f4 Nd5 27.Bb3 Qb7 28.Rxc8 Rxc8 29.
Rc1 Nhf6 30.Rxc8 Qxc8 31.f3 exf3+ 32.Kxf3 Qb7 33.Be1 Nxb4+ 34.d5 Nbxd5 35.
Bxd5 Nxd5 36.Kf2 Nf6 37.Ng3 Ng4+ 38.Kg1 Qf3 39.Nf1 d5 40.Qd3 Qe4 41.Qxe4 
fxe4 42.Bd2 h5 43.Nh2 Nxh2 44.Kxh2 Kg8 45.Kg3 Kf7 0-1

[Event "49th Bosna it"]
[Site "Sarajevo BIH"]
[Date "2019.04.30"]
[Round "5.31"]
[White "Tomic, Aleksandar"]
[Black "Culum, Sanjin"]
[Result "1-0"]
[WhiteElo "2357"]
[BlackElo "1864"]
[EventDate "2019.04.27"]
[PlyCount "55"]

1.c4 e5 2.g3 Nf6 3.Bg2 Nc6 4.Nc3 Bc5 5.e3 O-O 6.Nge2 Re8 7.d3 d6 8.O-O Bf5
9.a3 a5 10.h3 h6 11.g4 Bh7 12.Ng3 Qd7 13.b3 Nd8 14.d4 exd4 15.exd4 Bb6 16.
d5 Qe7 17.Bb2 Nd7 18.Be4 Bxe4 19.Ncxe4 g6 20.Qf3 Rf8 21.Nf6+ Nxf6 22.Bxf6 
Qd7 23.Rae1 Bc5 24.Re7 Qc8 25.Ba1 f6 26.Qe4 f5 27.Rg7+ Kh8 28.Qe7 1-0

[Event "49th Bosna it"]
[Site "Sarajevo BIH"]
[Date "2019.04.30"]
[Round "5.32"]
[White "Nukic, Farik"]
[Black "Medic, Nevenko"]
[Result "1-0"]
[WhiteElo "1731"]
[BlackElo "1983"]
[EventDate "2019.04.27"]
[PlyCount "83"]

1.d4 d5 2.Bf4 Nf6 3.e3 e6 4.Nd2 Bd6 5.Bg3 O-O 6.Bd3 c5 7.c3 Nc6 8.Ngf3 c4 
9.Bc2 Qc7 10.e4 dxe4 11.Bxd6 Qxd6 12.Nxc4 Qf4 13.Nfd2 e5 14.g3 Qf5 15.Ne3 
Qd7 16.dxe5 Nxe5 17.Nxe4 Qc6 18.f3 Nxe4 19.Bxe4 Qb6 20.Qe2 Be6 21.f4 f5 
22.Nxf5 Bxf5 23.Bxf5 Rxf5 24.fxe5 Qg6 25.Rf1 Re8 26.Rxf5 Qxf5 27.O-O-O h6 
28.Re1 Qe6 29.b3 Rc8 30.Kb2 a5 31.Qd3 Rc6 32.c4 Kh8 33.Qd4 Kh7 34.Qd3+ Kh8
35.Re3 a4 36.Qd5 Qe7 37.h3 a3+ 38.Kc3 Qg5 39.Qe4 Re6 40.Qf4 Qg6 41.Qf8+ 
Kh7 42.g4 1-0

[Event "49th Bosna it"]
[Site "Sarajevo BIH"]
[Date "2019.04.30"]
[Round "5.33"]
[White "Radulov, Nevena"]
[Black "Bunjo, Adnan"]
[Result "1-0"]
[WhiteElo "1704"]
[BlackElo "1974"]
[EventDate "2019.04.27"]
[PlyCount "45"]

1.c4 f5 2.d4 e6 3.Nc3 Nf6 4.Bg5 Be7 5.Bxf6 Bxf6 6.e3 d5 7.Nf3 c6 8.a4 a5 
9.Rc1 O-O 10.Bd3 g5 11.cxd5 exd5 12.O-O Qe8 13.Nd2 b6 14.Qb3 Qd8 15.Nxd5 
Be6 16.Nxf6+ Rxf6 17.Bc4 Bxc4 18.Nxc4 Kh8 19.Qxb6 Qe7 20.Nxa5 Nd7 21.Qc7 
Rg8 22.Nxc6 Qg7 23.Ne5 1-0

[Event "49th Bosna it"]
[Site "Sarajevo BIH"]
[Date "2019.04.30"]
[Round "5.34"]
[White "Miftari, Hedon"]
[Black "Colpa, Husein"]
[Result "1-0"]
[WhiteElo "1621"]
[BlackElo "1854"]
[EventDate "2019.04.27"]
[PlyCount "89"]

1.c4 c5 2.g3 Nf6 3.Bg2 Nc6 4.Nf3 e6 5.Nc3 d5 6.cxd5 exd5 7.d4 h6 8.O-O Be7
9.dxc5 Bxc5 10.Na4 Bd6 11.Nd4 O-O 12.Nxc6 bxc6 13.Qc2 Qc7 14.Be3 Re8 15.
Rac1 Ba6 16.Qxc6 Qa5 17.Qxd6 Qxa4 18.b3 Qb5 19.a4 Qb7 20.Rc7 Qb8 21.Rfc1 
Bxe2 22.Bxd5 Nxd5 23.Qxd5 Rf8 24.Bf4 Qe8 25.Bd6 Rd8 26.Qc5 Qe6 27.Bxf8 Bf3
28.Qc4 Bd5 29.Qc3 Rxf8 30.Rc8 Bxb3 31.Rxf8+ Kxf8 32.Qc8+ Qxc8 33.Rxc8+ Ke7
34.Rc7+ Kd6 35.Rxa7 Kc5 36.a5 Be6 37.Kf1 g6 38.Ke2 h5 39.Ke3 g5 40.Ke4 f6 
41.Ra6 f5+ 42.Ke5 Bc8 43.Rg6 h4 44.a6 hxg3 45.hxg3 1-0

[Event "49th Bosna it"]
[Site "Sarajevo BIH"]
[Date "2019.04.30"]
[Round "5.35"]
[White "Pleh, Semir"]
[Black "Sajin, Mladen"]
[Result "0-1"]
[WhiteElo "1829"]
[BlackElo "1790"]
[EventDate "2019.04.27"]
[PlyCount "90"]

1.c4 e5 2.Nc3 Bb4 3.Nd5 Bc5 4.Nf3 e4 5.Ng1 c6 6.Nc3 d5 7.cxd5 cxd5 8.Qb3 
Nf6 9.Qb5+ Nbd7 10.d4 a6 11.Qa4 Be7 12.g3 O-O 13.Bg2 Nb6 14.Qd1 Nc4 15.Nh3
Be6 16.O-O Rc8 17.Nf4 h6 18.Rb1 Qd7 19.Re1 Bb4 20.Qb3 a5 21.a3 Nxa3 22.
bxa3 Bxc3 23.Rd1 Rc7 24.Nxe6 Qxe6 25.Bf4 Rc6 26.Qxb7 Rfc8 27.h3 g5 28.Be3 
Nd7 29.Qb3 Rb8 30.Qa2 Rxb1 31.Rxb1 Rb6 32.Rb3 Qc6 33.Rxb6 Nxb6 34.Qb3 a4 
35.Qb1 Nc4 36.Qb8+ Kg7 37.h4 gxh4 38.gxh4 Qd6 39.Qc8 Bb2 40.Qg4+ Qg6 41.
Qd7 Nxe3 42.fxe3 Qg3 43.Qxd5 Qxe3+ 44.Kh1 Bxd4 45.Kh2 Qf4+ 0-1

[Event "49th Bosna it"]
[Site "Sarajevo BIH"]
[Date "2019.04.30"]
[Round "5.36"]
[White "Kajevic, Dzevad"]
[Black "Jurisic, Iskra"]
[Result "1-0"]
[WhiteElo "1925"]
[BlackElo "1748"]
[EventDate "2019.04.27"]
[PlyCount "85"]

1.c4 Nf6 2.d4 g6 3.Nc3 Bg7 4.e4 d6 5.f4 O-O 6.Nf3 c5 7.d5 e6 8.Be2 exd5 9.
cxd5 Bg4 10.O-O Re8 11.h3 Bxf3 12.Bxf3 a6 13.a4 Nbd7 14.Bd2 Nb6 15.b3 Qc7 
16.Rc1 Rab8 17.Re1 Nbd7 18.Qc2 c4 19.bxc4 Qxc4 20.Nd1 Qxc2 21.Rxc2 Nc5 22.
Nf2 Nxa4 23.Rb1 b5 24.Rc6 Rb6 25.Rbc1 Nd7 26.Ba5 Rxc6 27.Rxc6 Ndc5 28.Rxd6
Nc3 29.e5 Nb7 30.Rxa6 Nxa5 31.Rxa5 b4 32.Nd3 Rb8 33.d6 Kf8 34.Nxb4 Ke8 35.
Nd5 Nxd5 36.Bxd5 Bh6 37.g3 Rb1+ 38.Kg2 Rb2+ 39.Kf3 Rb8 40.Ra7 g5 41.Bxf7+ 
Kd8 42.Bd5 gxf4 43.gxf4 1-0

[Event "49th Bosna it"]
[Site "Sarajevo BIH"]
[Date "2019.04.30"]
[Round "5.37"]
[White "Hamzic, Adil"]
[Black "Stanivukovic, Drago"]
[Result "0-1"]
[WhiteElo "1708"]
[BlackElo "1848"]
[EventDate "2019.04.27"]
[PlyCount "140"]

1.e4 d6 2.d4 Nf6 3.Bd3 g6 4.Nf3 Bg4 5.h3 Bxf3 6.Qxf3 Nc6 7.c3 Bg7 8.O-O 
O-O 9.Be3 e5 10.d5 Ne7 11.Bg5 Nd7 12.Qe3 f5 13.exf5 gxf5 14.Qg3 Nf6 15.Be2
f4 16.Qd3 h6 17.Bxf6 Rxf6 18.Nd2 Nf5 19.Bg4 Nh4 20.Nf3 Ng6 21.Bh5 Ne7 22.
Nh2 Kh8 23.Bd1 Qg8 24.Bc2 Rg6 25.Qf3 Rf6 26.Ng4 Rf7 27.Kh1 Bf8 28.Rg1 Nf5 
29.Nh2 Qg5 30.Qg4 Qxg4 31.Nxg4 h5 32.Nh2 Re8 33.Rae1 Kg7 34.g3 fxg3 35.
fxg3 Ne7 36.c4 b5 37.b3 bxc4 38.bxc4 c6 39.Rgf1 Rxf1+ 40.Rxf1 cxd5 41.cxd5
Nxd5 42.Bb3 Nf6 43.g4 hxg4 44.Nxg4 Nxg4 45.hxg4 Re7 46.Kg2 Rd7 47.Rf5 Be7 
48.Rf7+ Kg6 49.Rf5 Bg5 50.Bc2 Kh6 51.Bb3 Rc7 52.Rf7 Be7 53.Kf3 Kg6 54.Rf5 
Rc1 55.Be6 Bf6 56.Rh5 Rf1+ 57.Ke2 Ra1 58.Kd3 Rd1+ 59.Kc2 Rd4 60.Bf5+ Kf7 
61.Rh3 d5 62.Rd3 Rxd3 63.Kxd3 Be7 64.Bh7 Ke6 65.Bf5+ Kd6 66.a4 Kc5 67.Be6 
e4+ 68.Ke2 d4 69.Kd2 Bg5+ 70.Kd1 d3 0-1

[Event "49th Bosna it"]
[Site "Sarajevo BIH"]
[Date "2019.04.30"]
[Round "5.38"]
[White "Haskovic, Salih"]
[Black "Hasanovic, Jakub"]
[Result "1-0"]
[WhiteElo "1790"]
[BlackElo "1682"]
[EventDate "2019.04.27"]
[PlyCount "107"]

1.d4 d5 2.Nf3 c5 3.e3 Nc6 4.Be2 Nf6 5.O-O e6 6.c4 Be7 7.cxd5 exd5 8.Nc3 
O-O 9.h3 cxd4 10.exd4 Ne4 11.a3 h6 12.Bb5 Nxc3 13.bxc3 a6 14.Bd3 Be6 15.
Bc2 f5 16.Re1 Bc8 17.Bf4 Bd6 18.Bd2 Qf6 19.Bb3 Be6 20.Ra2 Na5 21.a4 Nxb3 
22.Qxb3 Rab8 23.Qb6 Rfd8 24.Rb2 Bf7 25.Ne5 Be8 26.Qb3 Bc6 27.Rbb1 Kh8 28.
Qc2 Bd7 29.Rb6 Bc6 30.Kh1 Bc7 31.Rbb1 Re8 32.f4 Kg8 33.Rf1 Rf8 34.Rbe1 
Rbe8 35.Bc1 Bd6 36.Re2 Bxe5 37.fxe5 Qe6 38.Ref2 Bd7 39.Ba3 Rf7 40.Bd6 g5 
41.Rb1 b5 42.axb5 axb5 43.Ra1 h5 44.Ra6 g4 45.Rb6 Rc8 46.Qd2 Qg6 47.Bc5 
Bc6 48.Qf4 Ra8 49.Rf1 Ra2 50.h4 Kh7 51.g3 Kg7 52.Re1 Rb7 53.Rxb7+ Bxb7 54.
e6 1-0

[Event "49th Bosna it"]
[Site "Sarajevo BIH"]
[Date "2019.04.30"]
[Round "5.39"]
[White "Rakita, Jandrija"]
[Black "Camdzija, Samir"]
[Result "0-1"]
[WhiteElo "1689"]
[BlackElo "1788"]
[EventDate "2019.04.27"]
[PlyCount "55"]

1.e4 c5 2.Nc3 Nc6 3.Nf3 a6 4.d4 cxd4 5.Nxd4 e5 6.Nf3 Nf6 7.b3 Bc5 8.h3 h6 
9.Bd3 O-O 10.O-O b5 11.Nd5 Re8 12.b4 Ba7 13.Bb2 Nh7 14.Nh2 Bb7 15.Kh1 Rc8 
16.f4 exf4 17.Rxf4 Ne5 18.Bxe5 Rxe5 19.Qf3 Ng5 20.Qd1 f5 21.Nf3 Nxf3 22.
Qxf3 fxe4 23.Bxe4 Qe8 24.Nf6+ gxf6 25.Bxb7 Re1+ 26.Rxe1 Qxe1+ 27.Kh2 Bg1+ 
28.Kh1 0-1

[Event "49th Bosna it"]
[Site "Sarajevo BIH"]
[Date "2019.04.30"]
[Round "5.40"]
[White "Zaloznik, Vesna"]
[Black "Lapo, Safet"]
[Result "0-1"]
[WhiteElo "1556"]
[BlackElo "1770"]
[EventDate "2019.04.27"]
[PlyCount "58"]

1.e4 d5 2.exd5 Qxd5 3.Nc3 Qd8 4.d4 Nf6 5.Nf3 Bf5 6.Bf4 c6 7.Bc4 e6 8.a3 
Be7 9.h3 h6 10.g4 Bh7 11.Qe2 O-O 12.O-O-O Nbd7 13.Rhg1 Nd5 14.Bxd5 exd5 
15.g5 hxg5 16.Nxg5 Bxg5 17.Bxg5 f6 18.Qe6+ Rf7 19.Bh6 g6 20.Rg3 Nf8 21.Qe3
Qd7 22.Rdg1 g5 23.Bxg5 fxg5 24.Qxg5+ Bg6 25.Qh6 Rg7 26.f4 Qf5 27.R3g2 Re8 
28.h4 Ree7 29.h5 Qxh5 0-1

[Event "49th Bosna it"]
[Site "Sarajevo BIH"]
[Date "2019.04.30"]
[Round "5.41"]
[White "Tutic, Amina"]
[Black "Strinic, Hamdija"]
[Result "1/2-1/2"]
[WhiteElo "1429"]
[BlackElo "1751"]
[EventDate "2019.04.27"]
[PlyCount "46"]

1.e4 g6 2.Nf3 d6 3.d4 Bg7 4.b3 a6 5.Bb2 Nf6 6.Nc3 b5 7.e5 Ng4 8.h3 Nh6 9.
g4 O-O 10.Bg2 Bb7 11.Qe2 c5 12.Ne4 Qc7 13.O-O-O cxd4 14.exd6 exd6 15.Bxd4 
f5 16.Bxg7 Qxg7 17.Nxd6 b4 18.Nxb7 Qa1+ 19.Kd2 Qc3+ 20.Kc1 Qa1+ 21.Kd2 
Qc3+ 22.Kc1 Qa1+ 23.Kd2 Qc3+ 1/2-1/2

[Event "49th Bosna it"]
[Site "Sarajevo BIH"]
[Date "2019.04.30"]
[Round "5.42"]
[White "Lakota, Izet"]
[Black "Smajic, Ervin"]
[Result "1-0"]
[WhiteElo "1750"]
[BlackElo "1556"]
[EventDate "2019.04.27"]
[PlyCount "105"]

1.e4 d5 2.exd5 Qxd5 3.Nf3 c6 4.Nc3 Qd8 5.b3 Bg4 6.Be2 Bxf3 7.Bxf3 Nf6 8.
Bb2 e6 9.O-O Be7 10.h3 O-O 11.Ne2 Nbd7 12.a4 Qc7 13.d3 Rad8 14.Qd2 Nc5 15.
Qe3 Nd5 16.Bxd5 exd5 17.Bd4 Na6 18.Bxa7 c5 19.a5 Rde8 20.Bb6 Qc6 21.Qf3 
Bf6 22.Rad1 Qd7 23.d4 cxd4 24.Nxd4 Re5 25.Rfe1 Rxe1+ 26.Rxe1 Rc8 27.c3 h6 
28.Rd1 Nc5 29.Bxc5 Rxc5 30.b4 Rc4 31.Ne2 Qc7 32.Rd3 d4 33.Nxd4 Bxd4 34.
Rxd4 Rxc3 35.Rd3 Rc1+ 36.Rd1 Rc4 37.Rb1 Qe7 38.Qb3 Qe6 39.Qe3 Re4 40.Qc5 
Rc4 41.Qe3 Re4 42.Qd3 Re1+ 43.Rxe1 Qxe1+ 44.Qf1 Qxb4 45.Qa1 Qb5 46.Qc3 
Qb1+ 47.Kh2 Qb5 48.Qc7 g6 49.Kg3 Kg7 50.Kf4 Kf6 51.Qd6+ Kg7 52.Qe5+ Qxe5+ 
53.Kxe5 1-0

[Event "49th Bosna it"]
[Site "Sarajevo BIH"]
[Date "2019.04.30"]
[Round "5.43"]
[White "Bavcic, Fuad"]
[Black "Fejzic, Danis"]
[Result "1-0"]
[WhiteElo "1681"]
[BlackElo "1539"]
[EventDate "2019.04.27"]
[PlyCount "117"]

1.d4 Nf6 2.c4 g6 3.h3 Bg7 4.Bf4 d6 5.Nf3 O-O 6.Nc3 c5 7.e3 Bf5 8.Bd3 Bxd3 
9.Qxd3 Nbd7 10.O-O cxd4 11.exd4 Re8 12.Rad1 Rc8 13.b3 a6 14.Rfe1 Qc7 15.
Ne4 Nxe4 16.Qxe4 Nf6 17.Qd3 Nh5 18.Bh2 Rcd8 19.c5 Qc6 20.cxd6 exd6 21.d5 
Qd7 22.g4 Nf6 23.Nd2 Rxe1+ 24.Rxe1 Qb5 25.Qxb5 axb5 26.Ne4 Nxe4 27.Rxe4 
Be5 28.Rb4 Bxh2+ 29.Kxh2 Ra8 30.Rxb5 Rxa2 31.Kg2 Ra7 32.Rb6 Ra6 33.Rxb7 
Ra5 34.b4 Rxd5 35.b5 Kf8 36.b6 Rb5 37.Kf3 Ke8 38.Ke4 Kd8 39.Rxf7 Rxb6 40.
Kd5 h5 41.Rf6 hxg4 42.hxg4 Ke7 43.Rxg6 Rb5+ 44.Kd4 Rb4+ 45.Ke3 d5 46.Rg5 
Ke6 47.f4 d4+ 48.Kd3 Ra4 49.Rg6+ Kd5 50.Rg5+ Ke6 51.Re5+ Kd6 52.g5 Ra3+ 
53.Kxd4 Ra4+ 54.Ke3 Ra3+ 55.Ke4 Rh3 56.g6 Rg3 57.Kf5 Kd7 58.Kf6 Rf3 59.f5 
1-0

[Event "49th Bosna it"]
[Site "Sarajevo BIH"]
[Date "2019.04.30"]
[Round "5.44"]
[White "Mrkovic, Nikola"]
[Black "Zaloznik, Gal"]
[Result "0-1"]
[WhiteElo "1448"]
[BlackElo "1304"]
[EventDate "2019.04.27"]
[PlyCount "108"]

1.e4 e5 2.Nf3 Nc6 3.d4 exd4 4.Nxd4 Qf6 5.Nxc6 Qxc6 6.Bd3 Bc5 7.Qe2 Ne7 8.
Nc3 O-O 9.O-O a6 10.a3 d5 11.exd5 Nxd5 12.Nxd5 Qxd5 13.Qe4 Qxe4 14.Bxe4 
Re8 15.Bf3 c6 16.Bf4 Bf5 17.h3 Bb6 18.c3 Be4 19.Rfe1 Bxf3 20.gxf3 Rad8 21.
Rad1 Rxe1+ 22.Rxe1 Kf8 23.Kg2 f5 24.Re5 g6 25.Bg5 Re8 26.Rxe8+ Kxe8 27.Be3
Bc7 28.h4 f4 29.Bd4 h5 30.Bf6 Kf7 31.Bg5 Ke6 32.Kf1 b5 33.Ke2 Ke5 34.Kd3 
Bb6 35.Ke2 a5 36.Ke1 Bc5 37.Ke2 a4 38.Kd3 Bf8 39.c4 Bg7 40.cxb5 cxb5 41.
Kc3 Bf6 42.Bxf6+ Kxf6 43.Kd3 g5 44.hxg5+ Kxg5 45.Ke2 Kf5 46.Kf1 Ke5 47.Kg2
Kd4 48.Kh3 Kd3 49.Kh4 Kc2 50.Kg5 Kxb2 51.Kxf4 Kxa3 52.Kg5 b4 53.f4 b3 54.
f5 b2 0-1

[Event "49th Bosna it"]
[Site "Sarajevo BIH"]
[Date "2019.04.30"]
[Round "5.45"]
[White "Odzak, Tarik"]
[Black "Mujicic, Benjamin"]
[Result "1-0"]
[WhiteElo "1354"]
[BlackElo "1488"]
[EventDate "2019.04.27"]
[PlyCount "79"]

1.Nf3 Nf6 2.d4 e6 3.e3 c5 4.b3 d5 5.Bb2 Nc6 6.Nbd2 Bd6 7.c4 O-O 8.a3 b6 9.
Bd3 Re8 10.Ne5 Bb7 11.O-O cxd4 12.Nxc6 Bxc6 13.exd4 Rc8 14.Rc1 Bb7 15.b4 
dxc4 16.Nxc4 Bf4 17.Rc2 Qd5 18.Ne3 Bxe3 19.fxe3 Rxc2 20.Qxc2 Qg5 21.Qf2 
Rf8 22.Bc1 Ne4 23.Qf4 Qxf4 24.Rxf4 f5 25.Bxe4 Bxe4 26.Rf2 Rc8 27.Bb2 Kf7 
28.g4 g6 29.g5 Ke7 30.Kf1 Kd6 31.Ke1 Kd5 32.Kd1 b5 33.Rd2 Bf3+ 34.Ke1 Ke4 
35.Kf2 Bd1 36.d5 f4 37.Rd4+ Kf5 38.Rxf4+ Kxg5 39.Ke1 Bb3 40.Bf6+ 1-0

[Event "49th Bosna it"]
[Site "Sarajevo BIH"]
[Date "2019.04.30"]
[Round "6.1"]
[White "Nestorovic, Nikola"]
[Black "Kadric, Denis"]
[Result "1/2-1/2"]
[WhiteElo "2473"]
[BlackElo "2542"]
[EventDate "2019.04.27"]
[PlyCount "38"]

1.d4 d6 2.e4 Nf6 3.Nc3 g6 4.Bg5 c6 5.f4 Bg7 6.Nf3 O-O 7.Qd2 b5 8.Bd3 Bg4 
9.a3 Nbd7 10.e5 Bxf3 11.gxf3 Nh5 12.f5 dxe5 13.d5 cxd5 14.Nxd5 Ndf6 15.
Nxf6+ exf6 16.Be3 Qc7 17.O-O-O Rab8 18.Be4 Rfd8 19.Qb4 a5 1/2-1/2

[Event "49th Bosna it"]
[Site "Sarajevo BIH"]
[Date "2019.04.30"]
[Round "6.2"]
[White "Sadikhov, Ulvi"]
[Black "Predojevic, Borki"]
[Result "1/2-1/2"]
[WhiteElo "2479"]
[BlackElo "2621"]
[EventDate "2019.04.27"]
[PlyCount "30"]

1.e4 e5 2.Nf3 Nc6 3.Bb5 g6 4.d4 exd4 5.Bg5 Be7 6.Bxe7 Qxe7 7.Bxc6 dxc6 8.
Qxd4 Nf6 9.Nc3 Bg4 10.Nd2 c5 11.Qe3 O-O-O 12.h3 Bd7 13.O-O-O Bc6 14.f3 b6 
15.Nc4 Nh5 1/2-1/2

[Event "49th Bosna it"]
[Site "Sarajevo BIH"]
[Date "2019.04.30"]
[Round "6.3"]
[White "Soysal, Serkan"]
[Black "Djukic, Nikola"]
[Result "1/2-1/2"]
[WhiteElo "2424"]
[BlackElo "2566"]
[EventDate "2019.04.27"]
[PlyCount "155"]

1.d4 Nf6 2.c4 g6 3.Nc3 d5 4.Nf3 Bg7 5.h4 c6 6.cxd5 cxd5 7.Bf4 Nc6 8.e3 O-O
9.Qb3 Na5 10.Qb4 Nc6 11.Qb3 Na5 12.Qb4 Bf5 13.Be2 Bg4 14.Rc1 Rc8 15.O-O 
Ne4 16.Nxe4 dxe4 17.Rxc8 Bxc8 18.Ng5 Nc6 19.Qc5 e6 20.Nxe4 Qxh4 21.Qg5 
Qxg5 22.Bxg5 h6 23.Bf6 Bxf6 24.Nxf6+ Kg7 25.Ne4 Rd8 26.f4 b6 27.Rc1 Bb7 
28.Bf3 Rd7 29.a3 Ne7 30.Kf2 Nd5 31.Nd2 g5 32.g3 f5 33.Bxd5 Bxd5 34.Nf3 
gxf4 35.exf4 Bxf3 36.Kxf3 Rxd4 37.Rc7+ Kf6 38.Rxa7 Rd3+ 39.Kg2 Rb3 40.a4 
Rxb2+ 41.Kf3 Rb3+ 42.Kg2 h5 43.a5 bxa5 44.Rxa5 Rb2+ 45.Kf3 Rh2 46.Ra8 h4 
47.gxh4 Rxh4 48.Kg3 Rh7 49.Rf8+ Rf7 50.Ra8 Rc7 51.Ra6 Rc3+ 52.Kf2 Ke7 53.
Ke2 Kd7 54.Rb6 Rc6 55.Rb7+ Kd6 56.Rb5 Rc5 57.Rb6+ Kd5 58.Kd3 Ra5 59.Ke3 
Ra3+ 60.Kf2 Rc3 61.Rb5+ Rc5 62.Rb6 Rc6 63.Rb5+ Ke4 64.Rb4+ Kd3 65.Kf3 Rc3 
66.Ra4 Rc1 67.Ra3+ Kd4 68.Ra4+ Rc4 69.Ra6 Rc3+ 70.Kf2 Ke4 71.Rxe6+ Kxf4 
72.Ra6 Kg4 73.Rg6+ Kf4 74.Ra6 Rc2+ 75.Kf1 Kg4 76.Ra4+ f4 77.Ra3 f3 78.Ra8 
1/2-1/2

[Event "49th Bosna it"]
[Site "Sarajevo BIH"]
[Date "2019.04.30"]
[Round "6.4"]
[White "Brkic, Ante"]
[Black "Borsuk, Konstantin"]
[Result "1-0"]
[WhiteElo "2560"]
[BlackElo "2368"]
[EventDate "2019.04.27"]
[PlyCount "37"]

1.e4 e6 2.d4 d5 3.Nc3 Bb4 4.e5 Qd7 5.a3 Bxc3+ 6.bxc3 b6 7.Qg4 f5 8.Qg3 Ba6
9.Bxa6 Nxa6 10.Ne2 O-O-O 11.a4 Nb8 12.a5 Nc6 13.Qd3 Nxa5 14.Rxa5 bxa5 15.
Qa6+ Kb8 16.Nf4 c6 17.Ba3 g5 18.Bd6+ Ka8 19.Nxe6 1-0

[Event "49th Bosna it"]
[Site "Sarajevo BIH"]
[Date "2019.04.30"]
[Round "6.5"]
[White "Kjartansson, Gudmundur"]
[Black "Dizdarevic, Emir"]
[Result "1-0"]
[WhiteElo "2444"]
[BlackElo "2423"]
[EventDate "2019.04.27"]
[PlyCount "121"]

1.Nf3 Nf6 2.c4 e6 3.Nc3 d5 4.d4 Be7 5.Bf4 O-O 6.Rc1 c6 7.e3 Nbd7 8.Bd3 b6 
9.cxd5 exd5 10.O-O Bb7 11.h3 Re8 12.Qe2 Nf8 13.Ne5 Bd6 14.Rfd1 Ng6 15.Nxg6
hxg6 16.Qf3 Qe7 17.Rc2 Rad8 18.a3 Bxf4 19.Qxf4 c5 20.Bb5 Rf8 21.dxc5 bxc5 
22.Rcd2 Qe6 23.Be2 Rd7 24.Bf3 Rfd8 25.Na4 Qc6 26.Nc3 a5 27.Rc1 Rd6 28.b4 
axb4 29.axb4 g5 30.Qxg5 cxb4 31.Ne2 Qb6 32.Nd4 Bc8 33.Rb2 Ne4 34.Bxe4 dxe4
35.Qc5 Qxc5 36.Rxc5 Rb6 37.Rc6 Rxc6 38.Nxc6 Rd1+ 39.Kh2 Bd7 40.Nd4 Bc8 41.
Rxb4 Ba6 42.Nf5 Rd2 43.Kg3 g6 44.Nd4 Rd1 45.Rb2 Kg7 46.h4 Rh1 47.Nb3 f5 
48.Nc5 Bc4 49.Rb4 Bd5 50.Rb6 Bf7 51.Nd7 Rd1 52.Ne5 Be8 53.Rb8 Ba4 54.Rb7+ 
Kf6 55.Kf4 Be8 56.Rb6+ Kg7 57.Re6 Rd2 58.Rxe8 Rxf2+ 59.Kg3 Re2 60.Re6 
Rxe3+ 61.Kf4 1-0

[Event "49th Bosna it"]
[Site "Sarajevo BIH"]
[Date "2019.04.30"]
[Round "6.6"]
[White "Kozul, Zdenko"]
[Black "Vajic, Goran"]
[Result "1-0"]
[WhiteElo "2589"]
[BlackElo "2280"]
[EventDate "2019.04.27"]
[PlyCount "57"]

1.d4 e6 2.c4 f5 3.g3 Nf6 4.Bg2 c6 5.Nh3 Be7 6.O-O O-O 7.b3 d6 8.Nc3 e5 9.
d5 Qc7 10.e4 Na6 11.exf5 Bxf5 12.Ng5 Nc5 13.b4 Na6 14.dxc6 bxc6 15.b5 Nb4 
16.bxc6 h6 17.Nb5 Qa5 18.Bd2 a6 19.a3 axb5 20.Bxb4 Qc7 21.Ne4 bxc4 22.Bxd6
Bxd6 23.Qxd6 Qxd6 24.Nxd6 Bd3 25.Rfc1 e4 26.Nxc4 Rac8 27.Nd6 Rc7 28.a4 Rb8
29.Nb5 1-0